Robert Aide and Karen Aide v Prime Meridian Ltd (Record no. 78189)

MARC details
000 -LEADER
fixed length control field 01976cab a2200205 4500
001 - CONTROL NUMBER
control field L136200
008 - FIXED-LENGTH DATA ELEMENTS--GENERAL INFORMATION
fixed length control field 070117n2006 000 0 eng u
035 ## - SYSTEM CONTROL NUMBER
System control number (Sirsi) u136200
041 0# - LANGUAGE CODE
Language code of text/sound track or separate title eng
245 00 - TITLE STATEMENT
Title Robert Aide and Karen Aide v Prime Meridian Ltd
260 ## - PUBLICATION, DISTRIBUTION, ETC.
Date of publication, distribution, etc. 2006
520 ## - SUMMARY, ETC.
Summary, etc. [2006] EWHC 2338 (TCC). For the purpose of mediation the Judge required that the parties' architectural experts meet and prepare a statement of the issues upon which they are agreed and disagreed, with a brief statement of the reasons. The Claimants sought to amend their pleadings in a way that was inconsistent with the views expressed by their expert in the statement, and the Defendants objected to these amendments. The Claimants claimed that, since the statement had been produced for the mediation, it was a 'without prejudice' document and thus privileged. Therefore, they maintained that no reference could be made to it. The Defendants sought a declaration that the statement is not a 'without prejudice' document, and that it can be referred to in the ongoing litigation. "Held": the judge only made the order for the assistance of the parties in the mediation and the Claimants' solicitor and the Claimants' expert acted on that basis. As a result, in this case, the prima facie position was that the document was privileged. The Defendants' alternative argument failed. The inconsistency between the statement and the new pleadings, could not amount to an abuse of the privileged occasion or unambiguous impropriety.
590 ## - LOCAL NOTE (RLIN)
Local note KA
650 24 - SUBJECT ADDED ENTRY--TOPICAL TERM
Topical term or geographic name entry element ROBERT AIDE AND ANOTHER V PRIME MERIDIAN LTD
650 24 - SUBJECT ADDED ENTRY--TOPICAL TERM
Topical term or geographic name entry element FORSTER V FRIEDLAND
650 24 - SUBJECT ADDED ENTRY--TOPICAL TERM
Topical term or geographic name entry element FAZIL-ALIZADEH V NIKBIN
690 ## - LOCAL SUBJECT ADDED ENTRY--TOPICAL TERM (OCLC, RLIN)
Topical term or geographic name as entry element MANAGEMENT-DISPUTE AVOIDANCE, MANAGEMENT AND RESOLUTION-DISPUTE MANAGEMENT AND RESOLUTION-ALTERNATIVE DISPUTE RESOLUTION-ASSISTED NEGOTIATION-MEDIATION
856 40 - ELECTRONIC LOCATION AND ACCESS
Uniform Resource Identifier <a href="https://www.bailii.org/ew/cases/EWHC/TCC/2006/2338.html">https://www.bailii.org/ew/cases/EWHC/TCC/2006/2338.html</a>
Public note View the item free of charge at www.bailii.org...
942 ## - ADDED ENTRY ELEMENTS (KOHA)
Suppress in OPAC 0
Holdings
Withdrawn status Lost status Source of classification or shelving scheme Damaged status Not for loan Home library Current library Shelving location Date acquired Total Checkouts Full call number Barcode Date last seen Copy number Price effective from Koha item type
    Dewey Decimal Classification     Virtual Virtual Online 17/01/2007   ONLINE PUBLICATION 136200-2001 06/08/2019 1 06/08/2019 Law report